000 00277nam a2200109Ia 4500
008 190906s9999||||xx |||||||||||||| ||und||
100 _aUMA Gupta
245 0 _aInformation Systems (Success In The 21st Century)
260 _aLondon
_bAddison
_c2000
300 _a428
942 _cBK
999 _c6007
_d6007